000 00823nam a22002177a 4500
005 20240530110349.0
008 141215s2008 ua o g 000 0cara d
040 _aEG-CaGPL
041 0 _aara
082 0 4 _221
_a925.3\
_bع ر
100 0 _aعادل طه يونس
245 1 0 _aرواد العلم الحائزون لجائزة نوبل 1901 - 2006 فى الفيزياء :
_bمع نبذة عن الفريد نوبل و جوائزه /
_cعادل طه يونس
260 _aالقاهرة :
_bدار الفكر العربى ،
_c2008
300 _a396 ص ؛
_c24 سم
650 0 4 _aجائزة نوبل
650 0 4 _aالفريد نوبل
650 0 4 _aجائزة نوبل فى الفيزياء
650 0 4 _aالفيزيائيون
_xتراجم
942 _2ddc
_cBK
999 _c60038
_d60038